[Event "Asia-ch U20 33rd"]
[Site "Colombo"]
[Date "2011.06.06"]
[Round "7.4"]
[White "Rajapakse, Rmcm"]
[Black "Narayanan, Srinath"]
[Result "0-1"]
[WhiteElo "2175"]
[BlackElo "2337"]
[PlyCount "63"]
[EventDate "2011.06.01"]
[EventType "swiss"]
[EventRounds "8"]
[EventCountry "SRI"]
[SourceTitle "EXT 2022"]
[Source "ChessBase"]
[SourceDate "2021.10.06"]
[SourceVersion "1"]
[SourceVersionDate "2021.10.06"]
[SourceQuality "1"]

1. d4 Nf6 2. c4 c5 3. Nf3 cxd4 4. Nxd4 Nc6 5. Nc3 e6 6. g3 Qb6 7. Nc2 Ne5 8. Bg2 Nxc4 9. b3 Ne5 10. 0-0 a6 11. Be3 Qc7 12. Na4 d5 13. Bb6 Qb8 14. e4 Be7 15. Ne3 dxe4 16. Rc1 Ned7 17. Bc7 Qa7 18. Bd6 Bd8 19. Qd2 b5 20. Nc3 Bb7 21. g4 h6 22. Rfd1 Bb6 23. b4 Rd8 24. Qe2 Bd4 25. Nf1 Qb6 26. Nxe4 Bxe4 27. Bc7 Bxf2+ 28. Kh1 Qb7 29. Bxe4 Nxe4 30. Qf3 Rc8 31. Nd2 Nec5 32. bxc5 0-1

[Event "Asia Cities-ch 15th"]
[Site "Tehran"]
[Date "2007.03.08"]
[Round "9.4"]
[White "Ghane Gardeh, Shojaat"]
[Black "Rajapakse, Rmcm"]
[Result "1-0"]
[WhiteElo "2432"]
[BlackElo "2057"]
[PlyCount "44"]
[EventDate "2007.03.02"]
[EventType "team-swiss"]
[EventRounds "9"]
[EventCountry "IRI"]
[SourceTitle "EXT 2020"]
[Source "ChessBase"]
[SourceDate "2019.10.17"]
[SourceVersion "1"]
[SourceVersionDate "2019.10.17"]
[SourceQuality "1"]
[WhiteTeam "Tehran Rah Ahan"]
[BlackTeam "Colombo"]
[WhiteTeamCountry "IRI"]
[BlackTeamCountry "SRI"]

1. d4 Nf6 2. Nf3 g6 3. c4 Bg7 4. Nc3 d6 5. e4 0-0 6. Be2 e5 7. 0-0 Nc6 8. d5 Ne7 9. Ne1 Nd7 10. Be3 f5 11. f3 f4 12. Bf2 g5 13. a4 Ng6 14. a5 Rf7 15. Nd3 Bf8 16. Be1 Nf6 17. Bd2 h5 18. h3 Rg7 19. Kh2 g4 20. fxg4 hxg4 21. hxg4 Nh4 22. Rh1 Ng6 1-0